000 00782cam a2200277 a 4500
001 4388752
005 20180109092523.0
008 911004s1992 mauab b 001 0 eng
010 _a 91202843
020 _a0669244570 (v. 1)
020 _a0669244589 (v. 2)
020 _a0669244597 (v. 3)
020 _a0669244600 (v. 4)
040 _aDLC
_cDLC
_dDLC
041 _aeng
043 _ae-uk-en
_ae-uk---
080 _a941
082 0 0 _a941 SMI
_220
100 _a16
101 _aHIS
245 0 2 _aA History of England /
_cgeneral editor, Lacey Baldwin Smith.
504 _aIncludes bibliographical references and indexes.
906 _a7
_bcbc
_corignew
_d2
_encip
_f19
_gy-gencatlg
942 _2ddc
_cBK
999 _c39975
_d39975